|
|
|
|
| LEADER |
00000nam a2200000 a 4500 |
| 001 |
vtls001282341 |
| 003 |
SK-MaSNL |
| 005 |
20260302032548.0 |
| 008 |
210928s1979 xr ab gr 0010yycze |
| 035 |
|
|
|a SNK000233783
|
| 040 |
|
|
|a SNK
|b slo
|c SNK
|e AACR2
|
| 041 |
0 |
|
|a cze
|
| 044 |
|
|
|a xr
|
| 072 |
|
7 |
|a 94(100)
|2 konspekt
|
| 080 |
|
|
|a 94(100)"1939/1945"
|2 1981
|
| 080 |
|
|
|a (035)
|2 1981
|
| 245 |
1 |
0 |
|a Dějiny druhé světové války 1939-1945
|b ve dvanácti svazcích
|c [(hlavní redaktoři) G.T. Chorošilov a I.V. Paroťkin ... [et al.] ; ze sovětského originálu ... přeložil Ludvík Myška ; výtvarný redaktor Ota Karlas]
|n Svazek 6
|p Zásadní obrat ve válce
|
| 250 |
|
|
|a 1. vyd.
|
| 260 |
|
|
|a Praha
|b Naše vojsko
|c 1979
|
| 300 |
|
|
|a 499 s.
|b ilustr.
|c 25 cm
|e 20 voľ. mp. príl.
|
| 500 |
|
|
|a Rozlož. tit. strana
|
| 500 |
|
|
|a Údaj o hlavných red. prevzatý z rubu tit. strany
|
| 500 |
|
|
|a Údaje o prekl. a výtv. red. prevzaté z tir.
|
| 650 |
0 |
7 |
|a druhá svetová vojna (1939-1945)
|2 SNK
|9 169657
|
| 650 |
0 |
7 |
|a svetové dejiny
|2 SNK
|9 4037
|
| 655 |
|
7 |
|a príručky
|2 SNK
|9 74364
|
| 700 |
1 |
|
|a Chorošilov, G.T.
|4 red
|9 681694
|
| 700 |
1 |
|
|a Paroťkin, I.V.
|4 red
|9 681695
|
| 700 |
1 |
|
|a Myška, Ludvík,
|d 1925-
|4 trl
|9 204745
|
| 700 |
1 |
|
|a Karlas, Ota
|4 pfr
|9 519329
|
| 958 |
|
|
|a OND
|
| 968 |
|
|
|a Čes
|b RUS
|d 93/94
|
| 999 |
|
|
|c 1057310
|d 1059240
|
| 952 |
|
|
|t P66, <07>, [BOOK], {667}
|a SNK
|b SNK
|y VYP
|7 0
|p 17A0054341
|o snkSC 42913/6 D1
|i snkKIP 2202/80
|8 0
|0 0
|1 0
|4 0
|d 1997-04-07
|l 0
|r 2005-01-02 00:00:00
|w 2026-02-24
|
| 952 |
|
|
|a SNK
|b SNK
|y PREZ
|7 0
|p 17A1003733
|o snkSC 42913/6
|0 0
|1 0
|4 0
|d 2013-08-20
|l 0
|r 2025-10-21 00:00:00
|w 2026-02-24
|
| 952 |
|
|
|t snkDEJ/6 940.53
|a SNKUST
|b SNKUST
|y PREZ
|7 0
|p 17A0357097
|o snkSC 42913/6 D2
|i snkD 1172/2002
|8 1
|0 0
|1 0
|4 0
|d 2002-09-20
|l 0
|r 2025-03-20 00:00:00
|w 2026-02-24
|
| 952 |
|
|
|t snkDEJ/6 940.53 príl.
|a SNKUST
|b SNKUST
|y PREZ
|7 0
|p 17A0363708
|o snkSC 42913/6/príl. D2
|i snkD 1172/2002
|8 1
|0 0
|1 0
|4 0
|d 2002-11-15
|l 0
|r 2025-03-20 00:00:00
|w 2026-02-24
|